000 01094nam2a22002291 4500
001 v19\rc\2015817
005 20250620003105.0
035 _a(NLR Aleph) 005096894
090 _a7353277
_c7353277
100 _a20080925d1903 |||y0rusy50 ca
101 0 _arus
102 _aRU
105 _ay z |||||
200 0 _aЧ. 1
_e(До 1831 года)
210 _d1903
_aБ. м.
215 _a234 с.
461 0 _1001v19\rc\2015816
_12001#$aКраткий исторический очерк Минской мужской гимназии$fСоставил директор гимназии Н. Адо$vЧ. 1
_1700#1$aАдо$bН.А.$f1849-$gНиколай Андреевич$4220
_97353271
_aАдо, Н.А. (1849-)
_cМинск
_d1903
_fСоставил директор гимназии Н. Адо
_nПаровая Типо-Литография И. и В. Тасьман
_tКраткий исторический очерк Минской мужской гимназии
_vЧ. 1
801 0 _aRU
_bNLR
_gpsbo
801 1 _aRU
_bProSoft-M
_2rusmarc
852 _aNLR
_bМф
_jК1/17420
942 _cBOOK
980 _aNB